000 00601nam a2200217Ia 4500
005 20241129111328.0
008 241129s9999||||xx |||||||||||||| ||und||
020 _a9782745114778
037 _aTB
040 _aCRL
_beng
_cCRL
041 _aara
_2ara
084 _aO28v P4
_qCRL
100 _aMukhshai Abul Qasim Au.
_9724094
245 0 _aMaqamat-e-al namukhshari
_cMukhshai Abul Qasim Au.
260 _aBeirut, Lebanon
_bDar al-kotob al-ilmiyah
_c2004
300 _a278p.
365 _aINR
_b1292
650 _aArabic Literature
942 _cTB
_hO28v P4
999 _c1229949
_d1229949